Medical management of the surgical patient / (Record no. 472)

000 -LEADER
fixed length control field 01617nam a22004337a 4500
001 - CONTROL NUMBER
control field 2070183
003 - CONTROL NUMBER IDENTIFIER
control field OSt
005 - DATE AND TIME OF LATEST TRANSACTION
control field 20210420062656.0
008 - FIXED-LENGTH DATA ELEMENTS--GENERAL INFORMATION
fixed length control field 940808s1995 paua b 001 0 eng c
010 ## - LIBRARY OF CONGRESS CONTROL NUMBER
LC control number 94034549
020 ## - INTERNATIONAL STANDARD BOOK NUMBER
International Standard Book Number 0397513186 (alk. paper)
040 ## - CATALOGING SOURCE
Original cataloging agency eng
Transcribing agency DLC
Modifying agency eng
050 10 - LIBRARY OF CONGRESS CALL NUMBER
Classification number RD98
Item number .M43 1995
060 10 - NATIONAL LIBRARY OF MEDICINE CALL NUMBER
Classification number WO 178 M488 1995
080 ## - UNIVERSAL DECIMAL CLASSIFICATION NUMBER
Universal Decimal Classification number 617
Item number L-96
082 00 - DEWEY DECIMAL CLASSIFICATION NUMBER
Classification number 617/.01
Edition number 20
245 00 - TITLE STATEMENT
Title Medical management of the surgical patient /
Statement of responsibility, etc. edited by Michael F. Lubin, H. Kenneth Walker, Robert B. Smith III ; with 92 contributors.
250 ## - EDITION STATEMENT
Edition statement 3rd ed.
260 ## - PUBLICATION, DISTRIBUTION, ETC.
Place of publication, distribution, etc. Philadelphia :
Name of publisher, distributor, etc. Lippincott,
Date of publication, distribution, etc. c1995.
300 ## - PHYSICAL DESCRIPTION
Extent xxviii, 706 p. :
Other physical details ill. ;
Dimensions 26 cm.
504 ## - BIBLIOGRAPHY, ETC. NOTE
Bibliography, etc. note Includes bibliographical references and index.
650 #0 - SUBJECT ADDED ENTRY--TOPICAL TERM
Topical term or geographic name entry element Surgery
General subdivision Complications.
650 #0 - SUBJECT ADDED ENTRY--TOPICAL TERM
Topical term or geographic name entry element Diseases
General subdivision Complications.
650 #0 - SUBJECT ADDED ENTRY--TOPICAL TERM
Topical term or geographic name entry element Therapeutics, Surgical.
650 12 - SUBJECT ADDED ENTRY--TOPICAL TERM
Topical term or geographic name entry element Intraoperative Care.
650 22 - SUBJECT ADDED ENTRY--TOPICAL TERM
Topical term or geographic name entry element Intraoperative Complications.
650 22 - SUBJECT ADDED ENTRY--TOPICAL TERM
Topical term or geographic name entry element Postoperative Care.
650 22 - SUBJECT ADDED ENTRY--TOPICAL TERM
Topical term or geographic name entry element Postoperative Complications.
650 22 - SUBJECT ADDED ENTRY--TOPICAL TERM
Topical term or geographic name entry element Surgery, Operative.
653 ## - INDEX TERM--UNCONTROLLED
Uncontrolled term ქირურგია
653 ## - INDEX TERM--UNCONTROLLED
Uncontrolled term პაციენტის მოვლა
653 ## - INDEX TERM--UNCONTROLLED
Uncontrolled term პოსტოპერაციული პაციენტის მოვლა
700 1# - ADDED ENTRY--PERSONAL NAME
Personal name Lubin, Michael F.,
Dates associated with a name 1947-
700 1# - ADDED ENTRY--PERSONAL NAME
Personal name Walker, H. Kenneth
Fuller form of name (Henry Kenneth),
Dates associated with a name 1936-
700 1# - ADDED ENTRY--PERSONAL NAME
Personal name Smith, Robert B.,
Dates associated with a name 1933-
906 ## - LOCAL DATA ELEMENT F, LDF (RLIN)
a 7
b cbc
c orignew
d 1
e ocip
f 19
g y-gencatlg
942 ## - ADDED ENTRY ELEMENTS (KOHA)
Source of classification or shelving scheme
Koha item type Books
Edition 3
Holdings
Withdrawn status Lost status Source of classification or shelving scheme Damaged status Not for loan Permanent location Current location Date acquired Inventory number Total Checkouts Full call number Barcode Date last seen Price effective from Koha item type
          Ken Walker International University Ken Walker International University 11/26/2020 356   617 L-96 356 11/26/2020 11/26/2020 Books

Powered by Koha